Normal view
MARC view
- شخصية-سيكولوجية-مفهوم الذات-دوافع-علم نفس
Entry Topical Term
001 - CONTROL NUMBER
- control field: 22797
003 - CONTROL NUMBER IDENTIFIER
- control field: JO-AjAnu
005 - DATE AND TIME OF LATEST TRANSACTION
- control field: 20230606073929.0
008 - FIXED-LENGTH DATA ELEMENTS
- fixed length control field: 230606|| aca||aabn | a|a d
040 ## - CATALOGING SOURCE
- Original cataloging agency: JO-AjAnu
- Transcribing agency: JO-AjAnu
150 ## - HEADING--TOPICAL TERM
- Topical term or geographic name entry element: شخصية-سيكولوجية-مفهوم الذات-دوافع-علم نفس
670 ## - SOURCE DATA FOUND
- Source citation: Work cat.: (JO-AjAnu)11715: Dweck,Carol.S ، أبو هلال،ماهر محمد ، العمادي،عبد القادر عبد الله ، رداوي،علي الهاشمي/ترجمة ناصر،انتصار حمدان، الراميني،فواز فتح الله/مراجعة, author 22796, نظريات الذات ودورها في الدافعية والشخصية والنمو